[Event "Girona-ch"]
[Site "Banyoles"]
[Date "2018.12.02"]
[Round "9"]
[White "Diaz Munoz, Sergi"]
[Black "Ramirez Garcia, Lluis"]
[Result "1-0"]
[WhiteElo "1958"]
[BlackElo "1764"]
[PlyCount "81"]
[EventDate "2018.09.30"]
[EventType "swiss"]
[EventRounds "9"]
[EventCountry "ESP"]
[SourceTitle "CBM 187 Extra"]
[Source "ChessBase"]
[SourceDate "2018.11.04"]
[SourceVersion "1"]
[SourceVersionDate "2018.11.04"]
[SourceQuality "1"]

1. e4 e5 2. Nf3 Nc6 3. d4 exd4 4. Nxd4 Bc5 5. Nxc6 Qf6 6. Qf3 Qxf3 7. gxf3 bxc6 8. Nd2 d6 9. Nb3 Bb6 10. a4 a5 11. Be3 Ne7 12. Rg1 g6 13. 0-0-0 Bxe3+ 14. fxe3 Be6 15. Nd4 Bd7 16. h4 c5 17. Nb5 Bxb5 18. Bxb5+ c6 19. Bc4 Rd8 20. Rd2 Nc8 21. Rgd1 Ke7 22. Ba6 Rd7 23. b3 Nb6 24. Bf1 Rhd8 25. Bh3 Rb7 26. c4 Rbb8 27. Kc2 Na8 28. e5 dxe5 29. Rd7+ Ke8 30. Ra7 Rxd1 31. Kxd1 Nb6 32. Rxa5 Nd7 33. Kc2 f5 34. e4 fxe4 35. fxe4 Rb7 36. Ra8+ Ke7 37. a5 Nf6 38. Bc8 Rc7 39. a6 Ne8 40. Bb7 Nd6 41. Rh8 1-0

[Event "Girona-ch"]
[Site "Banyoles"]
[Date "2018.11.04"]
[Round "5"]
[White "Vilar Lopez, Monica"]
[Black "Ramirez Garcia, Lluis"]
[Result "1-0"]
[WhiteElo "2047"]
[BlackElo "1764"]
[PlyCount "57"]
[EventDate "2018.09.30"]
[EventType "swiss"]
[EventRounds "9"]
[EventCountry "ESP"]
[SourceTitle "CBM 187 Extra"]
[Source "ChessBase"]
[SourceDate "2018.11.04"]
[SourceVersion "1"]
[SourceVersionDate "2018.11.04"]
[SourceQuality "1"]

1. e4 e5 2. Nf3 Nc6 3. Bc4 Nf6 4. d4 exd4 5. e5 d5 6. Bb5 Ne4 7. Nxd4 Bd7 8. Bxc6 bxc6 9. 0-0 Be7 10. f3 Nc5 11. Be3 0-0 12. Nc3 f6 13. f4 fxe5 14. fxe5 Ne6 15. Rxf8+ Bxf8 16. Nf5 Qe8 17. Qf3 Qg6 18. Rf1 Ng5 19. Bxg5 Qxg5 20. Nd4 Qg6 21. Nxd5 Bc5 22. Qc3 cxd5 23. Qxc5 Qe4 24. Nc6 Bxc6 25. Qxc6 Qd4+ 26. Kh1 Rd8 27. Qe6+ Kh8 28. Qf7 h6 29. e6 1-0

[Event "Girona-ch"]
[Site "Banyoles"]
[Date "2018.10.07"]
[Round "2"]
[White "Ramirez Garcia, Lluis"]
[Black "Parramon Ros, Francesco"]
[Result "0-1"]
[WhiteElo "1764"]
[BlackElo "2090"]
[PlyCount "68"]
[EventDate "2018.09.30"]
[EventType "swiss"]
[EventRounds "9"]
[EventCountry "ESP"]
[SourceTitle "CBM 187 Extra"]
[Source "ChessBase"]
[SourceDate "2018.11.04"]
[SourceVersion "1"]
[SourceVersionDate "2018.11.04"]
[SourceQuality "1"]

1. e4 d6 2. Nf3 g6 3. Bb5+ c6 4. Be2 Nf6 5. d3 Bg7 6. c3 0-0 7. 0-0 c5 8. h3 Nc6 9. Be3 Bd7 10. Nbd2 e5 11. Re1 Nh5 12. Nc4 Qe7 13. Bg5 f6 14. Bd2 Nf4 15. Bf1 Ne6 16. Ne3 Rf7 17. Nd5 Qf8 18. Be3 Bh6 19. Qd2 Bxe3 20. fxe3 Kh8 21. d4 Qg7 22. Rad1 Rd8 23. a3 f5 24. exf5 gxf5 25. dxe5 Nxe5 26. Nxe5 dxe5 27. c4 Bc8 28. Qc3 Rg8 29. Kh1 Ng5 30. e4 fxe4 31. Qg3 Bxh3 32. gxh3 Nf3 33. Qxg7+ Rfxg7 34. Be2 Rg3 0-1

[Event "Girona-ch "]
[Site "Girona"]
[Date "2017.12.10"]
[Round "9"]
[White "Ramirez Garcia, Lluis"]
[Black "Parals Marce, Luis"]
[Result "0-1"]
[WhiteElo "1782"]
[BlackElo "2061"]
[PlyCount "72"]
[EventDate "2017.10.08"]
[EventType "swiss"]
[EventRounds "9"]
[EventCountry "ESP"]
[SourceTitle "EXT 2019"]
[Source "ChessBase"]
[SourceDate "2018.10.10"]
[SourceVersion "1"]
[SourceVersionDate "2018.10.10"]
[SourceQuality "1"]

1. e4 g6 2. Nf3 Bg7 3. Bc4 d6 4. h3 e6 5. Qe2 a6 6. a4 Ne7 7. d3 0-0 8. 0-0 b6 9. c3 Bb7 10. Bg5 h6 11. Bh4 Nd7 12. Nbd2 g5 13. Bg3 Ng6 14. Nh2 e5 15. Ng4 Nc5 16. Ne3 Nxa4 17. Rxa4 b5 18. Bxb5 axb5 19. Rxa8 Qxa8 20. Nf5 Qa2 21. Nf3 Bc8 22. Nxg7 Kxg7 23. d4 f6 24. Qxb5 Ba6 25. Qd5 Qxd5 26. exd5 Bxf1 27. Kxf1 Rb8 28. b4 e4 29. Nd2 f5 30. f3 e3 31. Nc4 f4 32. Be1 Ne7 33. Na5 Nxd5 34. c4 Nxb4 35. Bc3 Na2 36. Be1 Rb1 0-1

[Event "Llinars del Valles op-A 9th"]
[Site "Llinars del Valles"]
[Date "2015.05.30"]
[Round "7"]
[White "Ramirez Garcia, Lluis"]
[Black "Ramon Serrano, Francisco Javier"]
[Result "1/2-1/2"]
[WhiteElo "1764"]
[BlackElo "2014"]
[PlyCount "41"]
[EventDate "2015.04.11"]
[EventType "swiss"]
[EventRounds "9"]
[EventCountry "ESP"]
[SourceTitle "EXT 2016"]
[Source "ChessBase"]
[SourceDate "2015.10.08"]
[SourceVersion "1"]
[SourceVersionDate "2015.10.08"]
[SourceQuality "1"]

1. e4 d5 2. exd5 Nf6 3. d4 Bg4 4. Be2 Bxe2 5. Qxe2 Qxd5 6. Nf3 Nc6 7. c4 Qe4 8. Qxe4 Nxe4 9. a3 e6 10. Be3 Be7 11. Nbd2 Nxd2 12. Bxd2 Bf6 13. Bc3 0-0-0 14. 0-0-0 Rd7 15. Rd2 Rhd8 16. Rhd1 g5 17. Kc2 Ne7 18. d5 Bxc3 19. Kxc3 exd5 20. Ne5 d4+ 21. Kd3 1/2-1/2

[Event "Girona-ch"]
[Site "Blanes"]
[Date "2015.??.??"]
[Round "2"]
[White "Ramirez Garcia, Lluis"]
[Black "Rodriguez Martin, Joan"]
[Result "1-0"]
[WhiteElo "1997"]
[BlackElo "1793"]
[PlyCount "65"]
[EventDate "2015.09.27"]
[EventType "swiss"]
[EventRounds "9"]
[EventCountry "ESP"]
[SourceTitle "EXT 2017"]
[Source "ChessBase"]
[SourceDate "2016.10.25"]
[SourceVersion "1"]
[SourceVersionDate "2016.10.25"]
[SourceQuality "1"]

1. e4 e5 2. Nf3 Nc6 3. Bb5 f5 4. Nc3 a6 5. Bxc6 dxc6 6. Nxe5 fxe4 7. Qh5+ g6 8. Nxg6 Qf6 9. Nxh8+ Kd8 10. Nf7+ Ke7 11. Ng5 Bf5 12. Ngxe4 Bxe4 13. Nxe4 Qe6 14. d3 Kd7 15. Qxh7+ Be7 16. 0-0 b6 17. Bg5 Rf8 18. Rae1 Kc8 19. Ng3 Qf7 20. Qxf7 Rxf7 21. Bxe7 Nxe7 22. Re4 Nd5 23. Rfe1 a5 24. a3 b5 25. c4 Nb6 26. h4 Na4 27. R1e2 Nc5 28. R4e3 Rd7 29. cxb5 cxb5 30. Ne4 Nxd3 31. Rd2 Nf4 32. Rxd7 Kxd7 33. Nf6+ 1-0

[Event "Llinars del Valles op-B 8th"]
[Site "Llinars del Valles"]
[Date "2014.05.10"]
[Round "3"]
[White "Ramirez Garcia, Lluis"]
[Black "Garcia Palomeras, Moises"]
[Result "1-0"]
[WhiteElo "1935"]
[BlackElo "1834"]
[PlyCount "87"]
[EventDate "2014.04.26"]
[EventType "swiss"]
[EventRounds "8"]
[EventCountry "ESP"]
[SourceTitle "EXT 2015"]
[Source "ChessBase"]
[SourceDate "2014.11.20"]
[SourceVersion "1"]
[SourceVersionDate "2014.11.20"]
[SourceQuality "1"]

1. e4 c5 2. c3 g6 3. Nf3 Bg7 4. Bc4 a6 5. a4 d6 6. h3 Nf6 7. d3 Nc6 8. Be3 0-0 9. Qd2 Nd7 10. Bh6 Nce5 11. Nxe5 Nxe5 12. Bxg7 Kxg7 13. f4 Nxc4 14. dxc4 Qc7 15. 0-0 f5 16. exf5 Bxf5 17. Qe3 h5 18. Nd2 Rae8 19. Nf3 Qc6 20. Rfe1 Rf6 21. Ng5 e5 22. fxe5 Rxe5 23. Qg3 Qe8 24. Rxe5 dxe5 25. Qe3 Qe7 26. Rd1 Rd6 27. Rd5 e4 28. Qxc5 Rd7 29. Qd4+ Kh6 30. Rxd7 Bxd7 31. Nxe4 Bxa4 32. Qh8+ Qh7 33. Qxh7+ Kxh7 34. c5 Kg7 35. Kf2 Bc6 36. Ke3 Kf7 37. h4 Ke6 38. g3 Ke5 39. Nd6 a5 40. Nc4+ Kf5 41. Nxa5 Bh1 42. Nc4 Kg4 43. Kf2 Bd5 44. Ne3+ 1-0

[Event "Llinars del Valles op-B 8th"]
[Site "Llinars del Valles"]
[Date "2014.04.26"]
[Round "1"]
[White "Ramirez Garcia, Lluis"]
[Black "Blesa Puig, Pau"]
[Result "1-0"]
[WhiteElo "1935"]
[BlackElo "1781"]
[PlyCount "109"]
[EventDate "2014.04.26"]
[EventType "swiss"]
[EventRounds "8"]
[EventCountry "ESP"]
[SourceTitle "EXT 2015"]
[Source "ChessBase"]
[SourceDate "2014.11.20"]
[SourceVersion "1"]
[SourceVersionDate "2014.11.20"]
[SourceQuality "1"]

1. e4 c5 2. c3 d5 3. exd5 Qxd5 4. d4 Nc6 5. Nf3 Bg4 6. Be2 cxd4 7. cxd4 Nf6 8. 0-0 e6 9. Nc3 Qa5 10. h3 Bh5 11. Bf4 Nd5 12. Nxd5 Qxd5 13. Qa4 Qe4 14. Be3 Bd6 15. Qb5 Qd5 16. Qxd5 exd5 17. a3 0-0 18. b4 Rfe8 19. Bd3 Bg6 20. Bxg6 hxg6 21. Rfd1 a5 22. b5 Na7 23. a4 Nc8 24. Ne1 Nb6 25. Nd3 Nc4 26. Bf4 Re4 27. Bxd6 Nxd6 28. Nc5 Re7 29. Kf1 Ne4 30. f3 Ng5 31. Re1 Ne6 32. Nxe6 Rxe6 33. Rxe6 fxe6 34. Rc1 b6 35. Rc6 Rb8 36. Rxe6 Kf7 37. Rd6 Rb7 38. Ke2 Re7+ 39. Kd2 Rb7 40. Rxd5 Kf6 41. Kd3 Rb8 42. Rd6+ Kf5 43. g3 Rb7 44. Rc6 Rb8 45. f4 Rb7 46. d5 Rb8 47. d6 Ke6 48. Ke4 Rd8 49. Rxb6 Rxd6 50. Rxd6+ Kxd6 51. Kd4 Ke6 52. Kc5 Kf5 53. b6 Ke4 54. b7 Kf3 55. b8Q 1-0

[Event "Girona Territorial-ch"]
[Site "Girona"]
[Date "2013.11.24"]
[Round "8"]
[White "Ramirez Garcia, Lluis"]
[Black "Sanchez Luque, Juan"]
[Result "0-1"]
[WhiteElo "1776"]
[BlackElo "1895"]
[PlyCount "46"]
[EventDate "2013.09.22"]
[EventType "swiss"]
[EventRounds "9"]
[EventCountry "ESP"]
[SourceTitle "EXT 2015"]
[Source "ChessBase"]
[SourceDate "2014.11.20"]
[SourceVersion "1"]
[SourceVersionDate "2014.11.20"]
[SourceQuality "1"]

1. e4 e5 2. Nf3 Nc6 3. Bb5 a6 4. Ba4 Nf6 5. 0-0 b5 6. Bb3 Be7 7. Re1 0-0 8. c3 d5 9. exd5 Nxd5 10. Nxe5 Nxe5 11. Rxe5 Nf6 12. d4 Bd6 13. Re1 Ng4 14. g3 Nxh2 15. Kxh2 Qh4+ 16. Kg1 Bxg3 17. fxg3 Qxg3+ 18. Kh1 Bg4 19. Qxg4 Qxg4 20. Bd2 a5 21. Na3 Ra6 22. Bd1 Qh3+ 23. Kg1 Rg6+ 0-1

[Event "Girona Territorial-ch"]
[Site "Girona"]
[Date "2013.11.17"]
[Round "7"]
[White "Ruiz de Morales Cespedes, Jaume"]
[Black "Ramirez Garcia, Lluis"]
[Result "0-1"]
[WhiteElo "1431"]
[BlackElo "1776"]
[PlyCount "36"]
[EventDate "2013.09.22"]
[EventType "swiss"]
[EventRounds "9"]
[EventCountry "ESP"]
[SourceTitle "EXT 2015"]
[Source "ChessBase"]
[SourceDate "2014.11.20"]
[SourceVersion "1"]
[SourceVersionDate "2014.11.20"]
[SourceQuality "1"]

1. e4 e5 2. Nf3 Nc6 3. Bb5 a6 4. Bxc6 dxc6 5. 0-0 Bd6 6. d4 f6 7. c3 Be6 8. Be3 Ne7 9. Nbd2 0-0 10. dxe5 Bxe5 11. Nxe5 fxe5 12. Bg5 Qe8 13. Qc2 Ng6 14. Nf3 h6 15. Be3 Rxf3 16. gxf3 Nh4 17. Kh1 Qh5 18. Rac1 Qxf3+ 0-1

[Event "Girona Territorial-ch"]
[Site "Girona"]
[Date "2013.10.20"]
[Round "4"]
[White "Pasto Benham, Francesc"]
[Black "Ramirez Garcia, Lluis"]
[Result "0-1"]
[WhiteElo "1838"]
[BlackElo "1776"]
[PlyCount "57"]
[EventDate "2013.09.22"]
[EventType "swiss"]
[EventRounds "9"]
[EventCountry "ESP"]
[SourceTitle "EXT 2015"]
[Source "ChessBase"]
[SourceDate "2014.11.20"]
[SourceVersion "1"]
[SourceVersionDate "2014.11.20"]
[SourceQuality "1"]

1. d4 Nf6 2. c4 g6 3. Nc3 d5 4. Bg5 Ne4 5. Nxe4 dxe4 6. e3 c5 7. Qa4+ Bd7 8. Qb3 Qa5+ 9. Qc3 Qxc3+ 10. bxc3 Bg7 11. Be2 h6 12. Bf4 Nc6 13. Rb1 b6 14. f3 f5 15. h4 e5 16. dxe5 Nxe5 17. Bxe5 Bxe5 18. Rc1 0-0-0 19. Kf2 Bf6 20. g3 Rhe8 21. Nh3 exf3 22. Bxf3 Be6 23. Bc6 Rd2+ 24. Ke1 Red8 25. Bd5 Bxd5 26. cxd5 Rxa2 27. c4 Re8 28. Nf4 Rxe3+ 29. Kf1 0-1

[Event "Llinars del Valles op-A 7th"]
[Site "Llinars del Valles"]
[Date "2013.04.27"]
[Round "3"]
[White "Ramirez Garcia, Lluis"]
[Black "Veciana Coronado, Pau"]
[Result "0-1"]
[WhiteElo "1810"]
[BlackElo "1893"]
[PlyCount "60"]
[EventDate "2013.04.13"]
[EventType "swiss"]
[EventRounds "7"]
[EventCountry "ESP"]
[SourceTitle "EXT 2014"]
[Source "ChessBase"]
[SourceDate "2013.11.20"]
[SourceVersion "1"]
[SourceVersionDate "2013.11.20"]
[SourceQuality "1"]

1. e4 c5 2. c3 d6 3. d4 cxd4 4. cxd4 Nf6 5. Nc3 g6 6. Nf3 Bg7 7. Be2 0-0 8. Be3 Bg4 9. Qd2 Bxf3 10. Bxf3 Nc6 11. 0-0 Na5 12. b3 Nc6 13. Rac1 a6 14. Rfd1 Qa5 15. Na4 Qxd2 16. Rxd2 Nd7 17. Nc3 Rac8 18. Ne2 Nb4 19. a3 Rxc1+ 20. Nxc1 Rc8 21. Ne2 Nc2 22. a4 Nf8 23. g3 h5 24. Bg5 Ne6 25. Bxe7 Ncxd4 26. Nxd4 Nxd4 27. Rd3 Be5 28. Bg5 f6 29. Be3 Nxf3+ 30. Kg2 Ne1+ 0-1

[Event "Sant Adria de Besos op 09th"]
[Site "Sant Adria de Besos"]
[Date "2013.04.21"]
[Round "2"]
[White "Guetas Sanchez, Hugo"]
[Black "Ramirez Garcia, Lluis"]
[Result "1-0"]
[WhiteElo "2163"]
[BlackElo "1810"]
[PlyCount "47"]
[EventDate "2013.04.14"]
[EventType "swiss"]
[EventRounds "9"]
[EventCountry "ESP"]
[SourceTitle "EXT 2015"]
[Source "ChessBase"]
[SourceDate "2014.11.20"]
[SourceVersion "1"]
[SourceVersionDate "2014.11.20"]
[SourceQuality "1"]

1. d4 Nf6 2. c4 g6 3. Nc3 d5 4. Nf3 Bg7 5. Qb3 dxc4 6. Qxc4 a6 7. e4 b5 8. Qb3 Nc6 9. e5 Nxd4 10. Nxd4 Qxd4 11. exf6 Bxf6 12. Bh6 Be6 13. Qc2 0-0-0 14. Be3 Qe5 15. a4 Rd4 16. Be2 Rb4 17. 0-0 Bb3 18. Qc1 Bc4 19. axb5 Bxe2 20. Nxe2 Qxb5 21. Nc3 Qb7 22. Rd1 e6 23. Na4 Bxb2 24. Nxb2 1-0

[Event "Sant Adria de Besos op 08th"]
[Site "Sant Adria de Besos"]
[Date "2012.04.29"]
[Round "3"]
[White "Ramirez Garcia, Lluis"]
[Black "Fernandez Diaz, Cristian"]
[Result "1-0"]
[WhiteElo "1816"]
[BlackElo "2163"]
[PlyCount "119"]
[EventDate "2012.04.15"]
[EventType "swiss"]
[EventRounds "9"]
[EventCountry "ESP"]
[SourceTitle "CBM 148 Extra"]
[Source "ChessBase"]
[SourceDate "2012.06.22"]
[SourceVersion "1"]
[SourceVersionDate "2012.06.22"]
[SourceQuality "1"]

1. e4 c5 2. c3 d5 3. exd5 Qxd5 4. d4 Nc6 5. Nf3 Bg4 6. Be2 Nf6 7. Na3 Rc8 8. Nc2 e6 9. Ne3 Qd6 10. Nxg4 Nxg4 11. h3 Nf6 12. dxc5 Qxd1+ 13. Bxd1 Bxc5 14. 0-0 0-0 15. Re1 h6 16. Be3 Bxe3 17. Rxe3 Rfd8 18. Bb3 Na5 19. Nd4 Nd5 20. Ree1 Nf4 21. Re3 a6 22. Kf1 Rc5 23. Rae1 Nc4 24. Bxc4 Rxc4 25. h4 b5 26. g3 Nd5 27. Rd3 b4 28. Ne2 Rb8 29. b3 Rc5 30. c4 Nf6 31. Red1 Kh7 32. Rd6 Ra5 33. R6d2 Ne4 34. Rc2 Rf5 35. Nd4 Rd8 36. Kg2 Rf6 37. f3 Nc3 38. Rdd2 Nb1 39. Rd1 e5 40. Rxb1 Rxd4 41. Re1 Re6 42. Re4 Rxe4 43. fxe4 Rd6 44. c5 Rc6 45. Kf2 Kg6 46. Ke3 Kf6 47. Kd3 Ke6 48. Kc4 g6 49. g4 Rc8 50. Rd2 Rc6 51. Kxb4 f5 52. gxf5+ gxf5 53. exf5+ Kxf5 54. Kc4 Rc8 55. Rf2+ Ke4 56. Rf6 h5 57. Rxa6 Kf5 58. Rh6 Kg4 59. Re6 Kf4 60. b4 1-0

[Event "Palafrugell Gelpi Memorial 24th"]
[Site "Palafrugell"]
[Date "2011.10.29"]
[Round "5.9"]
[White "Iglesias Santos, David"]
[Black "Ramirez Garcia, Lluis"]
[Result "1-0"]
[WhiteElo "1691"]
[BlackElo "1890"]
[PlyCount "55"]
[EventDate "2011.09.24"]
[EventType "swiss"]
[EventRounds "9"]
[EventCountry "ESP"]
[SourceTitle "EXT 2024"]
[Source "ChessBase"]
[SourceDate "2023.10.10"]
[SourceVersion "1"]
[SourceVersionDate "2023.10.10"]
[SourceQuality "1"]

1. Nf3 Nf6 2. c4 g6 3. Nc3 d5 4. cxd5 Nxd5 5. Qa4+ Nc6 6. Ne5 Nxc3 7. bxc3 Bd7 8. Nxd7 Qxd7 9. d4 Bg7 10. e3 0-0 11. Bd3 e5 12. 0-0 exd4 13. cxd4 a6 14. Ba3 Rfc8 15. Be4 Re8 16. Bxc6 bxc6 17. Rfc1 Re6 18. Rc5 Qe8 19. Rac1 Rd8 20. h3 Rxe3 21. fxe3 Qxe3+ 22. Kh1 Rxd4 23. Qb3 Qd2 24. Rxc6 Be5 25. Rf1 Rd7 26. Rxa6 Qe2 27. Ra8+ Kg7 28. Bf8+ 1-0

[Event "Sant Adria 7th"]
[Site "Sant Adria de Besos"]
[Date "2011.05.29"]
[Round "5.8"]
[White "Fabregas Fernandez, Bernat"]
[Black "Ramirez Garcia, Lluis"]
[Result "1-0"]
[WhiteElo "2187"]
[BlackElo "1903"]
[PlyCount "61"]
[EventDate "2011.05.01"]
[EventType "swiss"]
[EventRounds "8"]
[EventCountry "ESP"]
[SourceTitle "EXT 2024"]
[Source "ChessBase"]
[SourceDate "2023.10.10"]
[SourceVersion "1"]
[SourceVersionDate "2023.10.10"]
[SourceQuality "1"]

1. Nf3 Nf6 2. c4 g6 3. Nc3 d5 4. cxd5 Nxd5 5. e4 Nxc3 6. dxc3 Qxd1+ 7. Kxd1 Bg7 8. Bg5 Bd7 9. Kc2 Nc6 10. Bc4 0-0 11. Rad1 Rfd8 12. Bf4 Na5 13. Be2 Bc6 14. Rxd8+ Rxd8 15. Nd2 e5 16. Bg5 f6 17. Be3 b6 18. f3 Bf8 19. Nc4 Nxc4 20. Bxc4+ Kg7 21. b4 b5 22. Bb3 a6 23. Ra1 Bd6 24. a4 Ra8 25. Bd5 Bxd5 26. exd5 Rb8 27. axb5 axb5 28. Ra7 Kf7 29. Bc5 Kg8 30. Bxd6 cxd6 31. Ra6 1-0

[Event "Girona-ch"]
[Site "Girona"]
[Date "2008.10.12"]
[Round "2"]
[White "Colls Gelaberto, Emilio"]
[Black "Ramirez Garcia, Lluis"]
[Result "1-0"]
[WhiteElo "2224"]
[BlackElo "1879"]
[PlyCount "37"]
[EventDate "2008.10.05"]
[EventType "swiss"]
[EventRounds "9"]
[EventCountry "ESP"]
[SourceTitle "EXT 2011"]
[Source "ChessBase"]
[SourceDate "2010.11.26"]
[SourceVersion "1"]
[SourceVersionDate "2010.11.26"]
[SourceQuality "1"]

1. Nf3 Nf6 2. c4 d5 3. cxd5 Nxd5 4. e4 Nb6 5. d4 Bg4 6. Be2 e6 7. 0-0 Be7 8. Nc3 0-0 9. Be3 N8d7 10. Qb3 c5 11. Rfd1 cxd4 12. Nxd4 Nc5 13. Qc2 Bxe2 14. Qxe2 Qb8 15. Qg4 Qe5 16. Nf3 Qf6 17. Rac1 Ncd7 18. h3 Rfc8 19. Bg5 1-0